000 01105nam a2200265Ia 4500
999 _c54298
_d54298
001 21354
003 GE_BSU
005 20210922152342.0
008 181216s2017||||ru |||||||||||||| ||rus||
020 _a9785534025811
040 _cGE_BSU
041 _arus
080 _a327(075.8) С-56
245 _aСовременные международные отношения :
_bУч-к и практикум практикум для академического бакалавриата /
_cПод ред . А. И. Позднякова, В. К. Белозёрова, М. М. Васильевой.
264 _aМосква :
_bЮрайт,
_c2017.
300 _a339 стр. ;
_c22 см.
440 _aБакалавр. Академический курс
_912537
504 _aБиблиогр. стр. : 338-339
541 _h84 Л.
653 _aПолитика
653 _aСовременные международные отношения
653 _aპოლიტიკა
653 _aსაერთაშორისო ურთიერთობები
942 _cBK
_2udc